000 00720nam a2200217 a 4500
005 20240910064249.0
008 991125s1983 mx 000 0 spa u
020 _a9686050132
035 _aUPN01000004127
049 _aCG
050 4 _aBF318
_bM6.2a
100 1 _aMoreno, Montserrat
_929686
245 1 0 _aAprendizaje y desarrollo intelectual :
_bbases para una teoría de la generalización /
_cMontserrat Moreno, Genoveva Sastre.
260 _aMéxico :
_bGedisa Mexicana,
_c1983.
300 _a268 p.
440 0 _aHombre y sociedad.
_pInvestigaciones en psicología y educación
650 4 _aAprendizaje
_92861
650 2 _aDesarrollo intelectual
_99159
700 1 _aSastre, Genoveva,
_ecoaut.
905 _aLibro
999 _c4127
_d4127